Automatic Control Systems / (Record no. 31543)
[ view plain ]
| 000 -LEADER | |
|---|---|
| fixed length control field | 01182cam a2200325 a 4500 |
| 001 - CONTROL NUMBER | |
| control field | 12941931 |
| 003 - CONTROL NUMBER IDENTIFIER | |
| control field | OSt |
| 005 - DATE AND TIME OF LATEST TRANSACTION | |
| control field | 20211119112214.0 |
| 008 - FIXED-LENGTH DATA ELEMENTS--GENERAL INFORMATION | |
| fixed length control field | 020923s2003 nyua 001 0 eng |
| 010 ## - LIBRARY OF CONGRESS CONTROL NUMBER | |
| LC control number | 2002513209 |
| 020 ## - INTERNATIONAL STANDARD BOOK NUMBER | |
| International Standard Book Number | 9780471134763 |
| 038 ## - RECORD CONTENT LICENSOR | |
| Staff Name | Khadija |
| 040 ## - CATALOGING SOURCE | |
| Original cataloging agency | DLC |
| Transcribing agency | DLC |
| Modifying agency | DLC |
| 050 00 - LIBRARY OF CONGRESS CALL NUMBER | |
| Classification number | TJ213 |
| Item number | .K8354 2003 |
| 082 00 - DEWEY DECIMAL CLASSIFICATION NUMBER | |
| Classification number | 629.83 |
| Edition number | 21 |
| Author Mark | KUO |
| 100 1# - MAIN ENTRY--PERSONAL NAME | |
| Personal name | Kuo, Benjamin C., |
| Dates associated with a name | 1930- |
| 9 (RLIN) | 35776 |
| 245 10 - TITLE STATEMENT | |
| Title | Automatic Control Systems / |
| Statement of responsibility, etc. | Benjamin C. Kuo, Farid Golnaraghi. |
| 250 ## - EDITION STATEMENT | |
| Edition statement | 8th ed. |
| 260 ## - PUBLICATION, DISTRIBUTION, ETC. | |
| Place of publication, distribution, etc. | New York : |
| Name of publisher, distributor, etc. | John Wiley & Sons, |
| Date of publication, distribution, etc. | c2003. |
| 300 ## - PHYSICAL DESCRIPTION | |
| Extent | xiii, 609 p. : |
| Other physical details | ill. (some col.) ; |
| Dimensions | 26 cm. + |
| Accompanying material | 1 CD-ROM (4 3/4in.) |
| 500 ## - GENERAL NOTE | |
| General note | Includes index. |
| 563 ## - BINDING INFORMATION | |
| Binding note | PB |
| 650 #0 - SUBJECT ADDED ENTRY--TOPICAL TERM | |
| Topical term or geographic name entry element | Automatic control. |
| 9 (RLIN) | 26207 |
| 700 1# - ADDED ENTRY--PERSONAL NAME | |
| Personal name | Golnaraghi, M. F. |
| 9 (RLIN) | 84565 |
| 856 42 - ELECTRONIC LOCATION AND ACCESS | |
| Materials specified | Publisher description |
| Uniform Resource Identifier | <a href="http://www.loc.gov/catdir/description/wiley035/2002513209.html">http://www.loc.gov/catdir/description/wiley035/2002513209.html</a> |
| 856 41 - ELECTRONIC LOCATION AND ACCESS | |
| Materials specified | Table of contents |
| Uniform Resource Identifier | <a href="http://www.loc.gov/catdir/toc/wiley031/2002513209.html">http://www.loc.gov/catdir/toc/wiley031/2002513209.html</a> |
| 906 ## - LOCAL DATA ELEMENT F, LDF (RLIN) | |
| a | 7 |
| b | cbc |
| c | origcop |
| d | 2 |
| e | ncip |
| f | 20 |
| g | y-gencatlg |
| 942 ## - ADDED ENTRY ELEMENTS (KOHA) | |
| Source of classification or shelving scheme | |
| Koha item type | Book |
| Withdrawn status | Lost status | Source of classification or shelving scheme | Damaged status | Not for loan | Permanent Location | Current Location | Shelving location | Date acquired | Full call number | Barcode | Date last seen | Price effective from | Koha item type |
|---|---|---|---|---|---|---|---|---|---|---|---|---|---|
| School of Mechanical & Manufacturing Engineering (SMME) | School of Mechanical & Manufacturing Engineering (SMME) | General Stacks | 06/25/2015 | 629.8 KUO | SMME-47 | 03/20/2018 | 06/25/2015 | Book | |||||
| School of Mechanical & Manufacturing Engineering (SMME) | School of Mechanical & Manufacturing Engineering (SMME) | General Stacks | 07/07/2015 | 629.8 KUO | SMME-422 | 03/28/2018 | 07/07/2015 | Book |
